000 00675nam a2200193Ii 4500
003 JO-AjNU
008 230605s9999||||xx |||||||||||||| ||und||
040 _aJO-AjNU
_bara
_erda
_cJO-AjNU
041 _aara
050 1 4 _aPT80.H6412 2004
100 3 _aهولب ، روبرت سي ؛ ترجمة عبدالجليل جواد,
_eauthor
_924649
245 0 0 _aنظرية الاستقبال
264 3 1 _aاللاذقية :دار الحوار للنشر والتوزيع ،2004
300 _a270ص
336 _atext
_btxt
_2rdacontent
337 _aunmediated
_bn
_2rdamedia
338 _avolume
_bnc
_2rdacarrier
650 4 _aالادب -فلسفة-الادب-تاريخ
_924650
999 _aA9110
_c12678
_d12678